| 000 | 00642nam a2200169 a 4500 | ||
|---|---|---|---|
| 008 | 130415s2001 ||||||||||||||||| || u | ||
| 020 | _a9780748754755 | ||
| 050 | _aQA 276.25 CRA | ||
| 100 | _aCrawshaw, J | ||
| 245 | 1 | 2 |
_aA concise course in advanced level statistics: with worked examples. (4th ed.) _cby J. Crawshaw and J. Chambers |
| 250 | _a4th ed. | ||
| 260 |
_aLondon: _bStanley Thornes _c2001 |
||
| 300 | _avii, 686p.: ill. | ||
| 650 | _aSTATICS | ||
| 700 | _aChambers, J | ||
| 995 |
_FCBU-MAIN LIBRARY (Kitwe) _M1 _UAVAILABLE _WJun 11, 2013 _ZMain Library Open Access Collection |
||
| 999 |
_c38355 _d38355 |
||